000 00293nam a22001337a 4500
008 171030b xxu||||| |||| 00| 0 eng d
020 _a0324220348
041 _aeng
080 _25TH
_a33
100 _a58
101 _aBUS
245 _aBUSINESS COMMUNICATION
_cGUFFEY,M.E
942 _2udc
_cBK
999 _c36540
_d36540